[Event "Kadettlandskamp NOR-SWE A 2018"]
[Site "NTG, Bærum, Norway"]
[Date "2018.12.15"]
[Round "1.5"]
[White "Lund, Gunnar"]
[Black "Trost, Edvin"]
[Result "1-0"]
[WhiteFideId "1520814"]
[BlackFideId "1729519"]
[WhiteElo "2006"]
[BlackElo "1856"]

1. e4 {[%clk 00:15:18]} {[%emt 00:00:01]} c5 {[%clk 00:15:19]} {[%emt
00:00:02]} 2. a3 {[%clk 00:15:25]} {[%emt 00:00:03]} g6 {[%clk 00:14:46]}
{[%emt 00:00:43]} 3. b4 {[%clk 00:15:32]} {[%emt 00:00:03]} Bg7 {[%emt
00:00:02]} 4. Nc3 b6 {[%clk 00:14:52]} {[%emt 00:00:12]} 5. Bc4 {[%clk
00:15:11]} {[%emt 00:00:40]} d6 {[%clk 00:14:25]} {[%emt 00:00:37]} 6. Nf3
{[%clk 00:15:15]} {[%emt 00:00:06]} Nf6 {[%clk 00:14:27]} {[%emt 00:00:08]} 7.
O-O {[%clk 00:15:14]} {[%emt 00:00:11]} Bb7 {[%clk 00:14:21]} {[%emt 00:00:17]}
8. Re1 {[%clk 00:14:40]} {[%emt 00:00:43]} O-O {[%clk 00:14:21]} {[%emt
00:00:11]} 9. Rb1 {[%clk 00:14:34]} {[%emt 00:00:16]} cxb4 {[%clk 00:14:07]}
{[%emt 00:00:24]} 10. axb4 {[%clk 00:14:37]} {[%emt 00:00:06]} Nc6 {[%clk
00:12:33]} {[%emt 00:01:44]} 11. d3 {[%clk 00:13:39]} {[%emt 00:01:08]} Rc8
{[%clk 00:12:20]} {[%emt 00:00:24]} 12. Bd2 {[%clk 00:11:59]} {[%emt 00:01:50]}
Qd7 {[%clk 00:10:08]} {[%emt 00:02:21]} 13. h3 {[%clk 00:10:37]} {[%emt
00:01:32]} Rfd8 {[%clk 00:10:06]} {[%emt 00:00:12]} 14. Qc1 {[%clk 00:09:37]}
{[%emt 00:01:09]} Ne5 {[%clk 00:09:40]} {[%emt 00:00:37]} 15. Nxe5 {[%clk
00:09:38]} {[%emt 00:00:09]} dxe5 {[%clk 00:09:49]} 16. Qa3 {[%clk 00:09:42]}
{[%emt 00:00:06]} Ra8 {[%clk 00:06:35]} {[%emt 00:03:24]} 17. Ra1 {[%clk
00:09:20]} {[%emt 00:00:31]} a6 {[%clk 00:06:41]} {[%emt 00:00:05]} 18. Qb3
{[%clk 00:09:18]} {[%emt 00:00:12]} e6 {[%clk 00:06:43]} {[%emt 00:00:09]} 19.
b5 {[%clk 00:09:27]} a5 {[%clk 00:06:46]} {[%emt 00:00:07]} 20. Be3 {[%clk
00:09:33]} {[%emt 00:00:04]} Qc7 {[%clk 00:06:22]} {[%emt 00:00:34]} 21. Na4
{[%clk 00:09:39]} {[%emt 00:00:03]} Nd7 {[%clk 00:06:32]} 22. Qb2 {[%clk
00:08:35]} {[%emt 00:01:14]} Bf8 {[%clk 00:06:19]} {[%emt 00:00:23]} 23. Bg5
{[%clk 00:08:09]} {[%emt 00:00:35]} Re8 {[%clk 00:06:02]} {[%emt 00:00:29]} 24.
Rf1 {[%clk 00:08:17]} {[%emt 00:00:01]} Nc5 {[%clk 00:05:55]} {[%emt 00:00:17]}
25. Kh1 {[%clk 00:07:38]} {[%emt 00:00:49]} Nxa4 {[%clk 00:05:58]} {[%emt
00:00:08]} 26. Rxa4 {[%clk 00:07:45]} {[%emt 00:00:03]} Bg7 {[%clk 00:06:06]}
{[%emt 00:00:02]} 27. Qc1 {[%clk 00:07:34]} {[%emt 00:00:20]} Rac8 {[%clk
00:06:03]} {[%emt 00:00:13]} 28. Bh6 {[%clk 00:07:27]} {[%emt 00:00:17]} Rcd8
{[%clk 00:06:01]} {[%emt 00:00:13]} 29. Qe3 {[%clk 00:07:13]} {[%emt 00:00:23]}
Re7 {[%clk 00:05:30]} {[%emt 00:00:41]} 30. Bg5 {[%clk 00:07:14]} {[%emt
00:00:09]} f6 {[%clk 00:05:38]} {[%emt 00:00:02]} 31. Bh6 {[%clk 00:07:24]} g5
{[%clk 00:05:26]} {[%emt 00:00:23]} 32. Bxg7 {[%emt 00:00:05]} Kxg7 33. Kg1
{[%clk 00:07:06]} {[%emt 00:00:31]} Qd6 {[%clk 00:05:41]} {[%emt 00:00:05]} 34.
Qg3 {[%clk 00:06:49]} {[%emt 00:00:26]} Kh8 {[%clk 00:05:40]} {[%emt 00:00:11]}
35. Qg4 {[%clk 00:06:40]} {[%emt 00:00:20]} Qd7 {[%clk 00:05:35]} {[%emt
00:00:15]} 36. g3 {[%clk 00:06:33]} {[%emt 00:00:17]} Rg8 {[%clk 00:05:41]}
{[%emt 00:00:04]} 37. Raa1 {[%clk 00:06:24]} {[%emt 00:00:19]} Qe8 {[%clk
00:05:37]} {[%emt 00:00:14]} 38. Qf3 {[%clk 00:06:19]} {[%emt 00:00:14]} Rg6
{[%clk 00:05:16]} {[%emt 00:00:32]} 39. Qe3 {[%clk 00:06:21]} {[%emt 00:00:08]}
Qd8 {[%clk 00:05:25]} 40. Kh2 {[%clk 00:06:19]} {[%emt 00:00:12]} Qd6 {[%clk
00:05:13]} {[%emt 00:00:22]} 41. c3 {[%clk 00:06:04]} {[%emt 00:00:25]} Rc7
{[%clk 00:05:09]} {[%emt 00:00:14]} 42. Rad1 {[%clk 00:05:38]} {[%emt
00:00:36]} Qc5 {[%clk 00:05:17]} {[%emt 00:00:02]} 43. Qe2 {[%clk 00:05:41]}
{[%emt 00:00:07]} Bc8 {[%clk 00:05:02]} {[%emt 00:00:25]} 44. Kg2 {[%clk
00:05:21]} {[%emt 00:00:29]} Bd7 {[%clk 00:05:07]} {[%emt 00:00:06]} 45. Rh1
{[%clk 00:04:58]} {[%emt 00:00:33]} Rc8 {[%clk 00:04:09]} {[%emt 00:01:09]} 46.
h4 {[%clk 00:05:00]} {[%emt 00:00:07]} g4 {[%clk 00:04:10]} {[%emt 00:00:09]}
47. h5 {[%clk 00:05:05]} {[%emt 00:00:05]} Rg5 {[%clk 00:04:20]} 48. Rde1
{[%clk 00:03:57]} {[%emt 00:01:19]} Re8 {[%clk 00:03:50]} {[%emt 00:00:40]} 49.
h6 {[%clk 00:03:35]} {[%emt 00:00:31]} Bxb5 {[%clk 00:03:53]} {[%emt 00:00:07]}
50. Bxb5 {[%clk 00:03:12]} {[%emt 00:00:32]} Qxb5 {[%clk 00:04:03]} {[%emt
00:00:01]} 51. Rb1 {[%clk 00:03:07]} {[%emt 00:00:15]} Qc6 {[%clk 00:04:12]}
{[%emt 00:00:01]} 52. Qb2 {[%clk 00:02:57]} {[%emt 00:00:20]} Rb8 {[%clk
00:04:21]} 53. Rhe1 {[%clk 00:02:16]} {[%emt 00:00:51]} Rg6 {[%clk 00:04:24]}
{[%emt 00:00:07]} 54. Rh1 {[%clk 00:02:19]} {[%emt 00:00:06]} Rgg8 {[%clk
00:04:25]} {[%emt 00:00:10]} 55. Qa3 {[%clk 00:02:13]} {[%emt 00:00:17]} Qc7
{[%clk 00:03:51]} {[%emt 00:00:44]} 56. d4 {[%clk 00:01:32]} {[%emt 00:00:51]}
exd4 {[%clk 00:03:30]} {[%emt 00:00:30]} 57. cxd4 {[%clk 00:01:40]} {[%emt
00:00:02]} Rbd8 {[%clk 00:03:38]} {[%emt 00:00:02]} 58. Qb2 {[%clk 00:01:24]}
{[%emt 00:00:25]} Qc6 {[%clk 00:03:48]} {[%emt 00:00:01]} 59. Rhe1 {[%clk
00:01:26]} {[%emt 00:00:07]} Rb8 {[%clk 00:03:25]} {[%emt 00:00:33]} 60. Rbc1
{[%clk 00:01:18]} {[%emt 00:00:18]} Qd7 {[%clk 00:03:29]} {[%emt 00:00:06]} 61.
d5 {[%clk 00:01:23]} {[%emt 00:00:05]} e5 {[%clk 00:03:38]} 62. Rc6 {[%clk
00:01:32]} b5 {[%clk 00:03:22]} {[%emt 00:00:26]} 63. Rxf6 {[%clk 00:01:38]}
{[%emt 00:00:04]} Rge8 {[%clk 00:03:21]} {[%emt 00:00:12]} 64. Rf5 {[%clk
00:01:44]} {[%emt 00:00:04]} Qe7 {[%clk 00:02:51]} {[%emt 00:00:40]} 65. Rc1
{[%clk 00:01:49]} {[%emt 00:00:05]} a4 {[%clk 00:02:51]} {[%emt 00:00:10]} 66.
Rc6 {[%clk 00:01:44]} {[%emt 00:00:15]} a3 {[%clk 00:02:53]} {[%emt 00:00:10]}
67. Qb3 {[%clk 00:01:47]} {[%emt 00:00:06]} b4 {[%emt 00:00:38]} 68. Re6 {[%clk
00:01:53]} {[%emt 00:00:04]} Qc7 {[%clk 00:02:34]} 69. Rxe8+ {[%clk 00:01:54]}
{[%emt 00:00:10]} Rxe8 {[%clk 00:02:42]} {[%emt 00:00:02]} 70. Qxb4 {[%clk
00:02:02]} {[%emt 00:00:01]} Kg8 {[%clk 00:01:00]} {[%emt 00:01:52]} 71. Qxa3
{[%clk 00:02:11]} {[%emt 00:00:02]} Qc2 {[%clk 00:00:41]} {[%emt 00:00:29]} 72.
Qe3 {[%clk 00:02:17]} {[%emt 00:00:04]} Kh8 {[%clk 00:00:51]} 73. Rg5 {[%clk
00:02:11]} {[%emt 00:00:16]} Qd1 {[%clk 00:00:51]} {[%emt 00:00:10]} 74. Qa7
{[%clk 00:00:41]} {[%emt 00:01:41]} Qf3+ {[%clk 00:00:20]} {[%emt 00:00:41]} 75.
Kg1 {[%clk 00:00:49]} Qf6 {[%clk 00:00:17]} {[%emt 00:00:13]} 76. Qg7+ {[%clk
00:00:53]} {[%emt 00:00:06]} Qxg7 {[%clk 00:00:26]} {[%emt 00:00:01]} 77. Rxg7
{[%clk 00:01:02]} Rf8 {[%clk 00:00:27]} {[%emt 00:00:09]} 78. Re7 {[%emt
00:00:03]} Kg8 {[%clk 00:00:25]} {[%emt 00:00:10]} 79. Rxe5 {[%clk 00:01:19]}
{[%emt 00:00:01]} Rf6 {[%clk 00:00:32]} {[%emt 00:00:04]} 80. Re6 {[%clk
00:01:28]} Rf3 {[%clk 00:00:37]} {[%emt 00:00:05]} 81. e5 {[%clk 00:01:34]}
{[%emt 00:00:04]} Kf7 {[%clk 00:00:45]} {[%emt 00:00:01]} 82. Kg2 {[%clk
00:01:28]} {[%emt 00:00:16]} Kg8 {[%clk 00:00:48]} {[%emt 00:00:08]} 83. Rf6
{[%clk 00:01:33]} {[%emt 00:00:05]} Rxf6 {[%clk 00:00:35]} {[%emt 00:00:23]} 84.
exf6 {[%clk 00:01:42]} {[%emt 00:00:01]} Kf7 {[%clk 00:00:44]} 85. f4 {[%clk
00:01:46]} {[%emt 00:00:05]} Kxf6 {[%clk 00:00:50]} {[%emt 00:00:04]} 86. Kf2
{[%clk 00:01:53]} {[%emt 00:00:03]} Kg6 {[%clk 00:00:43]} {[%emt 00:00:17]} 87.
Ke3 {[%clk 00:01:58]} {[%emt 00:00:05]} Kxh6 {[%clk 00:00:48]} {[%emt
00:00:05]} 88. d6 {[%clk 00:02:02]} {[%emt 00:00:06]} Kh5 {[%clk 00:00:50]}
{[%emt 00:00:07]} 89. d7 {[%clk 00:02:09]} {[%emt 00:00:04]} h6 {[%clk
00:00:59]} 90. d8=Q {[%clk 00:02:15]} {[%emt 00:00:04]} 1-0

[Event "Kadettlandskamp NOR-SWE A 2018"]
[Site "NTG, Bærum, Norway"]
[Date "2018.12.15"]
[Round "1.6"]
[White "Wernberg, Hugo"]
[Black "Sjøberg, Isak"]
[Result "1-0"]
[WhiteFideId "1737511"]
[WhiteElo "1796"]
[BlackElo "2019"]

1. e4 {[%clk 00:15:18]} {[%emt 00:00:01]} e5 {[%clk 00:15:18]} {[%emt
00:00:03]} 2. Nf3 {[%clk 00:15:27]} {[%emt 00:00:02]} Nc6 {[%clk 00:15:26]}
{[%emt 00:00:01]} 3. Nc3 {[%clk 00:15:35]} {[%emt 00:00:02]} Nf6 {[%clk
00:15:31]} {[%emt 00:00:04]} 4. d4 {[%clk 00:15:44]} {[%emt 00:00:02]} exd4
{[%clk 00:15:21]} {[%emt 00:00:20]} 5. Nxd4 {[%clk 00:15:51]} {[%emt 00:00:02]}
Bb4 {[%clk 00:15:28]} {[%emt 00:00:04]} 6. Nxc6 {[%clk 00:15:59]} {[%emt
00:00:02]} bxc6 {[%clk 00:15:37]} {[%emt 00:00:02]} 7. Bd3 {[%clk 00:16:07]}
O-O {[%clk 00:15:33]} {[%emt 00:00:15]} 8. O-O {[%clk 00:16:13]} {[%emt
00:00:02]} d6 {[%clk 00:15:41]} {[%emt 00:00:03]} 9. Bg5 {[%clk 00:16:07]}
{[%emt 00:00:17]} h6 {[%clk 00:15:24]} {[%emt 00:00:27]} 10. Bh4 {[%clk
00:16:09]} {[%emt 00:00:08]} Re8 {[%clk 00:15:30]} {[%emt 00:00:04]} 11. Re1
{[%clk 00:16:13]} {[%emt 00:00:05]} Rb8 {[%clk 00:15:08]} {[%emt 00:00:32]} 12.
Kh1 {[%clk 00:14:45]} {[%emt 00:01:38]} a5 {[%clk 00:13:54]} {[%emt 00:01:23]}
13. f4 {[%clk 00:13:07]} {[%emt 00:01:49]} Bc5 {[%clk 00:13:33]} {[%emt
00:00:31]} 14. Qf3 {[%clk 00:13:00]} {[%emt 00:00:18]} Bd4 {[%clk 00:10:54]}
{[%emt 00:02:48]} 15. Nd1 {[%clk 00:11:34]} {[%emt 00:01:36]} Bg4 {[%clk
00:09:26]} {[%emt 00:01:39]} 16. Bxf6 {[%clk 00:10:57]} {[%emt 00:00:47]} Bxf3
{[%clk 00:09:33]} {[%emt 00:00:02]} 17. Bxd8 {[%clk 00:11:04]} {[%emt
00:00:03]} Bxd1 {[%clk 00:09:39]} {[%emt 00:00:04]} 18. Bxc7 {[%clk 00:10:26]}
{[%emt 00:00:48]} Rb7 {[%clk 00:08:55]} {[%emt 00:00:54]} 19. Bxa5 {[%clk
00:07:57]} {[%emt 00:02:40]} Bh5 {[%clk 00:09:01]} {[%emt 00:00:04]} 20. Bc3
{[%clk 00:08:01]} {[%emt 00:00:06]} Bxc3 {[%clk 00:07:18]} {[%emt 00:01:52]} 21.
bxc3 {[%clk 00:08:09]} {[%emt 00:00:02]} Ra8 {[%clk 00:07:19]} {[%emt
00:00:09]} 22. Bc4 {[%clk 00:07:30]} {[%emt 00:00:49]} Ra5 {[%clk 00:06:45]}
{[%emt 00:00:44]} 23. Bb3 {[%clk 00:07:10]} {[%emt 00:00:31]} Rc5 {[%clk
00:06:45]} {[%emt 00:00:10]} 24. Re3 {[%clk 00:06:49]} {[%emt 00:00:32]} Re7
{[%clk 00:06:52]} {[%emt 00:00:03]} 25. Rae1 {[%clk 00:06:55]} {[%emt
00:00:04]} Kf8 {[%clk 00:06:51]} {[%emt 00:00:11]} 26. Kg1 {[%clk 00:06:20]}
{[%emt 00:00:43]} Bg4 {[%clk 00:06:38]} {[%emt 00:00:24]} 27. h3 {[%clk
00:06:17]} {[%emt 00:00:14]} Bc8 {[%clk 00:06:47]} {[%emt 00:00:02]} 28. Kf2
{[%clk 00:06:17]} {[%emt 00:00:10]} f6 {[%clk 00:06:29]} {[%emt 00:00:27]} 29.
Ke2 {[%clk 00:05:56]} {[%emt 00:00:32]} g5 {[%clk 00:05:47]} {[%emt 00:00:52]}
30. fxg5 {[%clk 00:05:43]} {[%emt 00:00:23]} hxg5 {[%clk 00:05:55]} {[%emt
00:00:01]} 31. Kd2 {[%clk 00:05:42]} {[%emt 00:00:12]} Kg7 {[%clk 00:06:00]}
{[%emt 00:00:05]} 32. Rd3 {[%clk 00:05:33]} {[%emt 00:00:19]} Rce5 {[%clk
00:03:54]} {[%emt 00:02:15]} 33. Rxd6 {[%clk 00:05:35]} {[%emt 00:00:08]} Bb7
{[%clk 00:04:02]} {[%emt 00:00:02]} 34. Rf1 {[%clk 00:04:55]} {[%emt 00:00:50]}
Rxe4 {[%clk 00:01:45]} {[%emt 00:02:28]} 35. Rfxf6 {[%clk 00:05:02]} {[%emt
00:00:02]} Rh4 {[%clk 00:01:48]} {[%emt 00:00:06]} 36. Rg6+ {[%clk 00:04:49]}
{[%emt 00:00:23]} Kh7 {[%clk 00:01:57]} {[%emt 00:00:01]} 37. Rxg5 {[%clk
00:04:48]} {[%emt 00:00:11]} Rhe4 {[%clk 00:01:23]} {[%emt 00:00:43]} 38. Bg8+
{[%clk 00:04:42]} {[%emt 00:00:17]} 1-0

[Event "Kadettlandskamp NOR-SWE A 2018"]
[Site "NTG, Bærum, Norway"]
[Date "2018.12.15"]
[Round "2.1"]
[White "Carlsson, Ludvig"]
[Black "Vestby-Ellingsen, Mads"]
[Result "1-0"]
[WhiteTitle "CM"]
[BlackTitle "FM"]
[WhiteFideId "1727010"]
[BlackFideId "1520857"]
[WhiteElo "1978"]
[BlackElo "2009"]

1. e4 {[%clk 00:15:17]} {[%emt 00:00:02]} e5 {[%clk 00:15:15]} {[%emt
00:00:06]} 2. Nf3 {[%clk 00:15:25]} {[%emt 00:00:02]} Nc6 {[%clk 00:15:22]}
{[%emt 00:00:03]} 3. Nc3 {[%clk 00:15:33]} {[%emt 00:00:02]} Nf6 {[%clk
00:15:29]} {[%emt 00:00:03]} 4. Be2 {[%clk 00:15:41]} {[%emt 00:00:03]} d5
{[%clk 00:15:32]} {[%emt 00:00:06]} 5. exd5 {[%clk 00:15:46]} {[%emt 00:00:05]}
Nxd5 {[%clk 00:15:39]} {[%emt 00:00:04]} 6. O-O {[%clk 00:15:51]} {[%emt
00:00:05]} Nxc3 {[%clk 00:15:07]} {[%emt 00:00:41]} 7. bxc3 {[%clk 00:15:59]}
{[%emt 00:00:03]} Bd6 {[%clk 00:15:15]} {[%emt 00:00:02]} 8. d4 {[%clk
00:15:49]} {[%emt 00:00:20]} exd4 {[%clk 00:15:19]} {[%emt 00:00:05]} 9. cxd4
{[%clk 00:15:56]} {[%emt 00:00:03]} O-O {[%clk 00:15:20]} {[%emt 00:00:09]} 10.
Re1 {[%clk 00:16:02]} {[%emt 00:00:04]} Bg4 {[%clk 00:14:37]} {[%emt 00:00:53]}
11. h3 {[%clk 00:15:48]} {[%emt 00:00:24]} Bh5 {[%clk 00:14:04]} {[%emt
00:00:43]} 12. Rb1 {[%clk 00:14:14]} {[%emt 00:01:45]} Rb8 {[%clk 00:14:07]}
{[%emt 00:00:06]} 13. Bb2 {[%clk 00:13:16]} {[%emt 00:01:09]} Re8 {[%clk
00:13:26]} {[%emt 00:00:51]} 14. c4 {[%clk 00:12:42]} {[%emt 00:00:44]} b6
{[%clk 00:10:36]} {[%emt 00:03:00]} 15. Bc3 {[%clk 00:12:48]} {[%emt 00:00:04]}
Qf6 {[%clk 00:10:16]} {[%emt 00:00:30]} 16. Qd2 {[%clk 00:12:18]} {[%emt
00:00:40]} Bf4 {[%clk 00:10:00]} {[%emt 00:00:25]} 17. Qb2 {[%clk 00:12:24]}
{[%emt 00:00:05]} Qh6 {[%clk 00:09:23]} {[%emt 00:00:46]} 18. d5 {[%clk
00:10:15]} {[%emt 00:02:20]} Ne7 {[%clk 00:08:55]} {[%emt 00:00:38]} 19. Ne5
{[%clk 00:08:57]} {[%emt 00:01:29]} Rbc8 {[%clk 00:07:10]} {[%emt 00:01:53]} 20.
Nd3 {[%clk 00:07:20]} {[%emt 00:01:47]} Bxe2 {[%clk 00:06:31]} {[%emt
00:00:49]} 21. Rxe2 {[%clk 00:07:18]} {[%emt 00:00:13]} Nf5 {[%clk 00:05:56]}
{[%emt 00:00:45]} 22. Rbe1 {[%clk 00:07:19]} {[%emt 00:00:09]} Rxe2 {[%clk
00:06:01]} {[%emt 00:00:06]} 23. Qxe2 {[%clk 00:07:26]} {[%emt 00:00:03]} Bd6
{[%clk 00:04:43]} {[%emt 00:01:27]} 24. a4 {[%clk 00:07:26]} {[%emt 00:00:11]}
Qg6 {[%clk 00:04:06]} {[%emt 00:00:46]} 25. Ne5 {[%clk 00:06:41]} {[%emt
00:00:56]} Bxe5 {[%clk 00:03:50]} {[%emt 00:00:26]} 26. Qxe5 {[%clk 00:06:43]}
{[%emt 00:00:09]} h6 {[%clk 00:03:55]} {[%emt 00:00:04]} 27. Re4 {[%clk
00:06:31]} {[%emt 00:00:22]} h5 {[%clk 00:03:24]} {[%emt 00:00:40]} 28. Rf4
{[%clk 00:03:58]} {[%emt 00:02:44]} Nd6 {[%clk 00:03:02]} {[%emt 00:00:32]} 29.
Qe7 {[%clk 00:04:05]} {[%emt 00:00:03]} Kh7 {[%clk 00:01:48]} {[%emt 00:01:23]}
30. Kh2 {[%clk 00:03:06]} {[%emt 00:01:08]} a5 {[%clk 00:00:25]} {[%emt
00:01:34]} 31. Bd4 {[%clk 00:02:48]} {[%emt 00:00:27]} Nxc4 {[%clk 00:00:16]}
{[%emt 00:00:20]} 32. Rxf7 {[%clk 00:02:54]} {[%emt 00:00:04]} Qd6+ {[%clk
00:00:22]} {[%emt 00:00:04]} 33. Qxd6 {[%clk 00:02:57]} {[%emt 00:00:07]} Nxd6
{[%clk 00:00:27]} {[%emt 00:00:04]} 34. Rxg7+ {[%clk 00:02:56]} {[%emt
00:00:11]} Kh6 {[%clk 00:00:36]} {[%emt 00:00:01]} 35. Rd7 {[%clk 00:02:26]}
{[%emt 00:00:41]} b5 {[%clk 00:00:14]} {[%emt 00:00:31]} 36. axb5 {[%clk
00:01:30]} {[%emt 00:01:06]} Nxb5 {[%clk 00:00:21]} {[%emt 00:00:02]} 37. Be3+
{[%clk 00:00:55]} {[%emt 00:00:45]} Kg6 {[%clk 00:00:29]} {[%emt 00:00:02]} 38.
Bf4 {[%clk 00:00:28]} {[%emt 00:00:38]} Kf5 {[%clk 00:00:12]} {[%emt 00:00:27]}
39. Bg3 {[%clk 00:00:34]} {[%emt 00:00:04]} a4 {[%clk 00:00:18]} {[%emt
00:00:04]} 40. d6 {[%clk 00:00:33]} {[%emt 00:00:11]} a3 {[%clk 00:00:12]}
{[%emt 00:00:16]} 41. dxc7 {[%clk 00:00:38]} {[%emt 00:00:05]} a2 {[%clk
00:00:14]} {[%emt 00:00:08]} 42. Rd1 {[%clk 00:00:34]} {[%emt 00:00:13]} Nc3
{[%clk 00:00:11]} {[%emt 00:00:13]} 43. Ra1 {[%clk 00:00:26]} {[%emt 00:00:19]}
Ke4 {[%clk 00:00:17]} {[%emt 00:00:05]} 44. Bd6 {[%clk 00:00:33]} {[%emt
00:00:02]} Nb5 {[%clk 00:00:12]} {[%emt 00:00:15]} 45. Bb4 {[%clk 00:00:37]}
{[%emt 00:00:06]} Nxc7 {[%clk 00:00:12]} {[%emt 00:00:11]} 46. Rxa2 {[%clk
00:00:44]} {[%emt 00:00:02]} Nd5 {[%clk 00:00:20]} {[%emt 00:00:01]} 47. Bd2
{[%clk 00:00:42]} {[%emt 00:00:12]} Ne7 {[%clk 00:00:13]} {[%emt 00:00:17]} 48.
Ra5 {[%clk 00:00:47]} {[%emt 00:00:06]} Rc2 {[%clk 00:00:13]} {[%emt 00:00:10]}
49. Be3 {[%clk 00:00:33]} {[%emt 00:00:23]} h4 {[%clk 00:00:15]} {[%emt
00:00:08]} 50. Ra4+ {[%clk 00:00:31]} {[%emt 00:00:13]} Kf5 {[%clk 00:00:17]}
{[%emt 00:00:08]} 51. Rxh4 {[%clk 00:00:35]} {[%emt 00:00:06]} Nd5 {[%clk
00:00:14]} {[%emt 00:00:13]} 52. Ra4 {[%clk 00:00:33]} {[%emt 00:00:12]} Nf6
{[%clk 00:00:19]} {[%emt 00:00:05]} 53. Kg3 {[%clk 00:00:36]} {[%emt 00:00:07]}
Ne4+ {[%clk 00:00:23]} {[%emt 00:00:06]} 54. Kf3 {[%clk 00:00:44]} {[%emt
00:00:02]} Nf6 {[%clk 00:00:26]} {[%emt 00:00:07]} 55. Ra5+ {[%clk 00:00:52]}
{[%emt 00:00:02]} Kg6 {[%clk 00:00:33]} {[%emt 00:00:02]} 56. g4 {[%clk
00:00:54]} {[%emt 00:00:08]} Rc4 {[%clk 00:00:39]} {[%emt 00:00:03]} 57. Ra6
{[%clk 00:00:59]} {[%emt 00:00:05]} Kf7 {[%clk 00:00:46]} {[%emt 00:00:03]} 58.
Kg3 {[%clk 00:00:46]} {[%emt 00:00:23]} Ne4+ {[%clk 00:00:50]} {[%emt
00:00:06]} 59. Kg2 {[%clk 00:00:54]} {[%emt 00:00:02]} Nf6 {[%clk 00:00:43]}
{[%emt 00:00:17]} 60. f3 {[%clk 00:00:37]} {[%emt 00:00:27]} Nd5 {[%clk
00:00:51]} {[%emt 00:00:03]} 61. Bg5 {[%clk 00:00:45]} {[%emt 00:00:02]} Rb4
{[%clk 00:00:38]} {[%emt 00:00:23]} 62. Kg3 {[%clk 00:00:51]} {[%emt 00:00:04]}
Rb1 {[%clk 00:00:44]} {[%emt 00:00:03]} 63. h4 {[%clk 00:00:55]} {[%emt
00:00:06]} Rg1+ {[%clk 00:00:49]} {[%emt 00:00:06]} 64. Kf2 {[%clk 00:01:03]}
{[%emt 00:00:02]} Rb1 {[%clk 00:00:39]} {[%emt 00:00:19]} 65. h5 {[%clk
00:01:09]} {[%emt 00:00:04]} Nb4 {[%clk 00:00:46]} {[%emt 00:00:03]} 66. Rf6+
{[%clk 00:01:07]} {[%emt 00:00:13]} Kg7 {[%clk 00:00:53]} {[%emt 00:00:02]} 67.
Rd6 {[%clk 00:01:09]} {[%emt 00:00:08]} Rb3 {[%clk 00:00:52]} {[%emt 00:00:11]}
68. Rd7+ {[%clk 00:01:09]} {[%emt 00:00:11]} Kf8 {[%clk 00:00:11]} {[%emt
00:00:51]} 69. h6 {[%clk 00:01:16]} {[%emt 00:00:04]} Nd3+ {[%clk 00:00:18]}
{[%emt 00:00:02]} 70. Kg3 {[%clk 00:00:24]} {[%emt 00:01:03]} Ne5 {[%clk
00:00:26]} {[%emt 00:00:02]} 71. h7 {[%clk 00:00:25]} {[%emt 00:00:09]} Rxf3+
{[%clk 00:00:18]} {[%emt 00:00:17]} 72. Kg2 {[%clk 00:00:24]} {[%emt 00:00:11]}
1-0